| 000 | 01298nam a22003257a 4500 | ||
|---|---|---|---|
| 001 | BR8200014 | ||
| 003 | BR-BrBNA | ||
| 005 | 20230928091221.0 | ||
| 007 | ta | ||
| 008 | 230509b bl.||||| |||| 00| 0 por d | ||
| 040 |
_aBR-BrBNA _bpor _cBiblioteca Nacional de Agricultura |
||
| 041 | _a(Por) | ||
| 072 |
_aL74 _b5214 _b4350 _b/G514 |
||
| 090 | _ 5214 BR8200014 | ||
| 100 | 1 | _aCosta, L.A.P. da | |
| 110 | 1 |
_aUniversidade Federal de Minas Gerais, Belo Horizonte (Brasil). Escola de Veterinaria _0Tese (Mestre em Medicina Veterinaria) |
|
| 245 | 1 | _aDeterminacao dos niveis sericos de triiodotironina (T3)e tiroxina (T4), atraves de radioimunoensaio, em bezerros da raca holandesa, na regiao de Belo Horizonte [Gado holandes; Tireoide; Minas Gerais; Brasil] | |
| 246 | 1 | _a[Determination of serum levels of tri-iodothyronine (T3)and thyroxine (T4), through radioimmunoessay in Dutch calves in Belo Horizonte [Dutch cattle; Thyroid; Minas Gerais; Brazil]] | |
| 260 | 3 |
_aBelo Horizonte, MG (Brasil): _c1981. |
|
| 300 | _a30 p. | ||
| 500 | _a22 ref.; Summary (Por) | ||
| 650 | _aDisturbio animal | ||
| 650 | _aGado Holandes | ||
| 650 | _aTireoide | ||
| 650 | _aBezerro | ||
| 650 | _aDisturbio fisiologico | ||
| 650 | _aGlandula | ||
| 909 |
_a202309 _bLucia _c55 _dLucia Elande |
||
| 942 | _cBK | ||
| 999 |
_c32894 _d32894 |
||